Territories starting with B - Statistics

General Stats
  • This quiz has been taken 8 times
  • The average score is 4 of 5
Answer Stats
Picture Answer % Correct
Bermuda
100%
British Virgin Islands
100%
Bonaire
67%
British Indian Ocean Territory
67%
Bouvet Island
33%
No matching quizzes found
Score Distribution
Percent of People with Each Score
Percentile by Number Answered
Your Score History
You have not taken this quiz